Estadísticas para Geografía por Letra - K

Haz click aquí para intentar la prueba.

Estadísticas generales

  • Esta prueba ha sido intentada 3.145 veces
  • La puntuación promedio es 12 de 20

Estadísticas de respuestas

PistaRespuesta% Correcto
Capital de UcraniaKiev
97%
Uno de los animales nativos de AustraliaKoala
95%
País bordeado por Albania y MacedoniaKosovo
92%
Dólar neozelandés, y una frutaKiwi
87%
La montaña más alta de ÁfricaKilimanjaro
83%
Famoso estado plano en EE. UU.Kansas
81%
País en el Golfo PérsicoKuwait
81%
Capital de AfganistánKabul
79%
Capital de NepalKatmandú
72%
Título del emperador alemán en
la Primera Guerra Mundial
Káiser
68%
La segunda montaña más alta del mundoK2
67%
Grupo étnico en Turquía e IraqKurdo
58%
Sitio de las Torres PetronasKuala Lumpur
57%
Desierto africano del surKalahari
44%
Volcán indonesio que explotó en 1883Krakatoa
42%
Comida que los judíos pueden comerKósher
40%
Puerto marítimo pakistaníKarachi
31%
Plato típico de CoreaKimchi
30%
Nombre oficial de CalcutaKolkata
29%
Paso de montaña que conecta
Pakistán y Afganistán
Khyber
11%

Distribución de puntuación

Porcentaje por número respondido

Porcentaje de gente con cada puntuación

Historial de tus puntuaciones

No has intentado esta prueba.